NFL First Team All Pro Defensive Tackles - Statistics

General Stats
  • This quiz has been taken 180 times
    23 since last reset
  • The average score is 54 of 117
Answer Stats
Year Team Tackle % Correct
2015 | 2016 | 2017 | +5 others Rams Aaron Donald
100%
2022 | 2023 | 2024 Chiefs Chris Jones
91%
2017 | 2019 | 2021 | 2024 Steelers Cameron Heyward
83%
2025 Titans Jeffery Simmons
83%
2005 | 2006 Chargers Jamal Williams
78%
2004 | 2006 | 2007 | +2 others Vikings Kevin Williams
78%
2022 Jets Quinnen Williams
78%
2010 | 2013 | 2014 Lions Ndamukong Suh
74%
1999 | 2000 | 2001 | 2002 Buccaneers Warren Sapp
65%
2020 Colts DeForest Buckner
61%
2012 | 2015 Bengals Geno Atkins
61%
1972 | 1973 | 1974 Steelers Joe Greene
61%
2018 Eagles Fletcher Cox
57%
2012 Patriots Vince Wilfork
57%
1970 | 1971 | 1973 | +2 others Vikings Alan Page
52%
2011 49ers Justin Smith
52%
1978 | 1979 | 1981 | +4 others Cowboys Randy White
52%
1986 Eagles Reggie White
52%
1990 | 1991 Eagles Jerome Brown
48%
1993 | 1994 | 1995 | +3 others Vikings John Randle
48%
2025 Broncos Zach Allen
48%
1992 | 1993 | 1994 Seahawks Cortez Kennedy
43%
2007 | 2008 Titans Albert Haynesworth
39%
1970 Rams Merlin Olsen
39%
1989 | 1990 Browns Michael Dean Perry
39%
1980 | 1981 Eagles Charlie Johnson
35%
1980 | 1981 Chargers Gary Johnson
35%
2013 Buccaneers Gerald McCoy
35%
2010 | 2011 Ravens Haloti Ngata
35%
1971 Cowboys Bob Lilly
30%
2000 Saints La'Roi Glover
30%
2003 | 2004 | 2005 Patriots Richard Seymour
30%
1988 | 1989 Vikings Keith Millard
26%
1996 49ers Bryant Young
22%
1984 Bears Dan Hampton
22%
1985 | 1987 Bears Steve McMichael
22%
2016 Giants Damon Harrison
17%
1997 49ers Dana Stubblefield
17%
1985 Jets Joe Klecko
17%
2014 Bills Marcell Dareu
17%
1975 Oilers Curley Culp
13%
1998 Raiders Darrell Russell
13%
2002 | 2003 Panthers Kris Jenkins
13%
1987 49ers Michael Carter
13%
1988 Bengals Tim Krumrie
13%
1995 Raiders Chester McGlockton
9%
1982 Lions Doug English
9%
2009 Cowboys Jeremiah Ratliff
9%
1991 Lions Jerry Ball
9%
1979 Rams Larry Brooks
9%
1977 | 1978 Chargers Louie Kelcher
9%
1999 Broncos Trevor Pryce
9%
1986 Raiders Bill Pickel
4%
1983 Dolphins Bob Baumhower
4%
1983 Redskins Dave Butz
4%
1982 Bills Fred Smerlas
4%
1976 Browns Jerry Sherk
4%
1984 Seahawks Joe Nash
4%
1992 Oilers Ray Childress
4%
2001 Bears Ted Washington
4%
1976 Bears Wally Chambers
4%
1977 49ers Cleveland Elam
0%
1972 Bengals Mike Reid
0%
No matching quizzes found
Score Distribution
Percent of People with Each Score
Percentile by Number Answered
Your Score History
You have not taken this quiz since the last reset